COLORADO HS FOOTBALL 2024 TOP 50 - Statistics

General Stats
  • This quiz has been taken 9 times
  • The average score is 15 of 50
Answer Stats
Hint Answer % Correct
1. Cherry Creek
100%
20. Arvada West
75%
31. Denver East
75%
5. Fairview
75%
21. Fossil Ridge
75%
18. Grandview
75%
4. Valor Christian
75%
44. Basalt
50%
6. Broomfield
50%
8. Columbine
50%
15. Dakota Ridge
50%
42. Fountain Fort Carson
50%
3. Legend
50%
2. Mountain Vista
50%
39. Mullen
50%
13. Arapahoe
25%
25. Castle View
25%
22. Chatfield
25%
41. Durango
25%
9. Erie
25%
49. Fort Collins
25%
38. Legacy
25%
28. Mesa Ridge
25%
11. Montrose
25%
19. Palmer Ridge
25%
10. Pine Creek
25%
29. Ponderosa
25%
17. Pueblo West
25%
7. Ralston Valley
25%
12. Regis Jesuit
25%
43. Rock Canyon
25%
26. The Classical Academy
25%
16. Thompson Valley
25%
46. Vista Ridge
25%
32. Windsor
25%
14. Wray
25%
50. Berthoud
0%
23. Cherokee Trail
0%
48. Discovery Canyon
0%
34. Douglas County
0%
33. Eaglecrest
0%
35. Forge Christian
0%
45. Frederick
0%
36. Green Mountain
0%
30. Heritage
0%
47. Lutheran
0%
24. Mead
0%
27. Pomona
0%
40. Pueblo Central
0%
37. Wellington
0%
No matching quizzes found
Score Distribution
Percent of People with Each Score
Percentile by Number Answered
Your Score History
You have not taken this quiz